Reseña de la colonización en Chile
Guardat en:
| Autor principal: | |
|---|---|
| Format: | Llibre |
| Idioma: | espanyol |
| Publicat: |
Santiago, Chile
Andrés Bello
1989
|
| Matèries: | |
| Etiquetes: |
Afegir etiqueta
Sense etiquetes, Sigues el primer a etiquetar aquest registre!
|
MARC
| LEADER | 00000nam a2200000 a 4500 | ||
|---|---|---|---|
| 001 | UCX1692 | ||
| 003 | CL-VaPUC | ||
| 005 | 20200702151844.0 | ||
| 008 | 901019e19890000CL |||||||||||||||||spa|d | ||
| 999 | |c 222867 |d 222865 | ||
| 040 | |c Pontificia Universidad Católica de Valparaíso | ||
| 082 | 0 | 4 | |a 325.83 PER 1989 |2 21 |
| 100 | 0 | |a Peri Fagerstrom, René |e author |9 317294 | |
| 245 | 1 | 0 | |a Reseña de la colonización en Chile |
| 260 | |a Santiago, Chile |b Andrés Bello |c 1989 | ||
| 300 | |a 250 páginas | ||
| 583 | |a last modification |c 19901019 00:00:00 |k Rodrigo Vera | ||
| 650 | 7 | |a COLONIZACION |2 CL-VaPUC |9 317295 |z CHILE | |
| 852 | |a BIBCUR | ||
| 942 | |c BK |2 ddc | ||
| 945 | |d 19901019 00:00:00 |a oaravena | ||
| 952 | |0 0 |1 0 |2 ddc |4 0 |6 325_830000000000000_PER_1989 |7 0 |8 A |9 218148 |a BIBING |b BIBING |d 2019-11-15 |i 2869896 |o 325.83 PER 1989 |p 2869896 |r 2025-01-20 |t 3 |w 2019-11-15 |y BK |k GEO | ||
| 952 | |0 0 |1 0 |2 ddc |4 0 |6 325_830000000000000_PER_1989 |7 0 |8 A |9 218149 |a BIBHIS |b BIBHIS |d 2019-11-15 |i 3008460 |o 325.83 PER 1989 |p 3008460 |r 2025-01-20 |t 1 |w 2019-11-15 |y BK |k HIS | ||
| 952 | |0 0 |1 0 |2 ddc |4 0 |6 325_830000000000000_PER_1989 |7 0 |8 A |9 218150 |a BIBHIS |b BIBHIS |d 2019-11-15 |i 3077667 |o 325.83 PER 1989 |p 3077667 |r 2025-01-20 |t 2 |w 2019-11-15 |y BK |k HIS | ||